Solubility and solvents for conservation problems
Saved in:
| Main Author: | |
|---|---|
| Format: | Book |
| Language: | English |
| Published: |
Rím
ICCROM
2005.
|
| Edition: | 4. vyd. |
| Online Access: | View in OPAC |
| Tags: |
No Tags, Be the first to tag this record!
|
MARC
| LEADER | 00000nam a2200000 a 4500 | ||
|---|---|---|---|
| 005 | 20260127134125.0 | ||
| 008 | 161207 2005 000 0 eng d | ||
| 020 | |a 9290771968 | ||
| 035 | |a vtls011598148 | ||
| 039 | 9 | |y 201612071150 |z mschk03 | |
| 040 | |a STUSCHK1 |b slo |c STUSCHK1 |e AACR2 | ||
| 100 | 1 | |a Torraca, Giorgio | |
| 245 | 1 | |a Solubility and solvents for conservation problems |c Giorgio Torraca | |
| 250 | |a 4. vyd. | ||
| 260 | |a Rím |b ICCROM |c 2005. | ||
| 300 | |a 64 s. |b il. |c 24 cm | ||
| 910 | |a SCHK95 | ||
| 919 | |a 92-9077-196-8 | ||
| 999 | |c 4625 |d 4625 | ||